Commonalities in Returns in the Stock Markets of the Visegrad Group: A Quantile Coherency Approach
Analýza väzieb medzi akciovými trhmi v krajinách patriacich do Vyšehradskej skupiny. Rozbor štruktúry závislosti vo frekvenčnej doméne pre spoločné rozdelenie výnosov prostredníctvom kvantilovej koherencie. Výsledky prístupu kvantilovej súdržnosti odhalili dôležité vlastnosti prepojení medzi poľským...
Na minha lista:
| Autor principal: | |
|---|---|
| Formato: | Capítulo de Livro |
| Idioma: | inglês |
| Assuntos: | |
| Tags: |
Sem tags, seja o primeiro a adicionar uma tag!
|
MARC
| LEADER | 00000naa a2200000 4500 | ||
|---|---|---|---|
| 001 | 0272138 | ||
| 005 | 20210222104724.8 | ||
| 041 | 0 | |a eng | |
| 044 | |a CZ | ||
| 245 | 1 | 0 | |a Commonalities in Returns in the Stock Markets of the Visegrad Group: A Quantile Coherency Approach |c Blanka Łęt |
| 520 | |a Analýza väzieb medzi akciovými trhmi v krajinách patriacich do Vyšehradskej skupiny. Rozbor štruktúry závislosti vo frekvenčnej doméne pre spoločné rozdelenie výnosov prostredníctvom kvantilovej koherencie. Výsledky prístupu kvantilovej súdržnosti odhalili dôležité vlastnosti prepojení medzi poľskými, slovenskými, českými a maďarskými burzami. | ||
| 610 | 2 | 0 | |a trh akciový |
| 610 | 2 | 0 | |a výnosy |
| 610 | 2 | 0 | |a Vyšehradská štvorka |
| 610 | 2 | 0 | |a trh finančný |
| 610 | 2 | 0 | |a trh finančný medzinárodný |
| 610 | 2 | 0 | |a akcie |
| 610 | 2 | 0 | |a porovnanie štatistické medzinárodné |
| 100 | 1 | |a Łęt, Blanka | |